000 00402nam a22001697a 4500
005 20170825172120.0
008 160628b xxu||||| |||| 00| 0 eng d
020 _a81-85749-58-2
041 _aeng
082 _b11297
100 _aTarlok Singh
_93068
245 _aBasic Electrical Engineering
260 _bKatson Books
_c2012
300 _a361
650 _aDiploma Engineering
_9817
942 _cBK
999 _c4452
_d4451